West's legal environment of business : (Record no. 3114)
[ view plain ]
| 000 -LEADER | |
|---|---|
| fixed length control field | 01216cam a2200277 a 4500 |
| 001 - CONTROL NUMBER | |
| control field | 14166507 |
| 005 - DATE AND TIME OF LATEST TRANSACTION | |
| control field | 20250127191543.0 |
| 008 - FIXED-LENGTH DATA ELEMENTS--GENERAL INFORMATION | |
| fixed length control field | 051109s2007 ohuabk b 001 0 eng |
| 020 ## - INTERNATIONAL STANDARD BOOK NUMBER | |
| International Standard Book Number | 0324303912 (with Online Legal Research Guide) |
| 020 ## - INTERNATIONAL STANDARD BOOK NUMBER | |
| International Standard Book Number | 0324402066 (instructor's manual) |
| 020 ## - INTERNATIONAL STANDARD BOOK NUMBER | |
| International Standard Book Number | 0324402090 (Answers to question and case problems) |
| 050 00 - LIBRARY OF CONGRESS CALL NUMBER | |
| Classification number | KF1600 |
| Item number | .C76 2007 |
| 100 1# - MAIN ENTRY--PERSONAL NAME | |
| Personal name | Cross, Frank B. |
| 245 10 - TITLE STATEMENT | |
| Title | West's legal environment of business : |
| Remainder of title | text and cases : ethical, regulatory, international, and e-commerce issues / |
| Statement of responsibility, etc. | Frank B. Cross, Roger LeRoy Miller. |
| 250 ## - EDITION STATEMENT | |
| Edition statement | 6th ed. |
| 260 ## - PUBLICATION, DISTRIBUTION, ETC. | |
| Place of publication, distribution, etc. | Mason, Ohio : |
| Name of publisher, distributor, etc. | Thomson/West, |
| Date of publication, distribution, etc. | c2007. |
| 300 ## - PHYSICAL DESCRIPTION | |
| Extent | 1 v. (various pagings) : |
| Other physical details | ill. (some col.), 1 map, forms ; |
| Dimensions | 26 cm. |
| 500 ## - GENERAL NOTE | |
| General note | Accompanied by: Instructor's manual and Answers to question and case problems. |
| 650 #0 - SUBJECT ADDED ENTRY--TOPICAL TERM | |
| Topical term or geographic name entry element | Industrial laws and legislation |
| Geographic subdivision | United States. |
| 650 #0 - SUBJECT ADDED ENTRY--TOPICAL TERM | |
| Topical term or geographic name entry element | Trade regulation |
| Geographic subdivision | United States. |
| 650 #0 - SUBJECT ADDED ENTRY--TOPICAL TERM | |
| Topical term or geographic name entry element | Commercial law |
| Geographic subdivision | United States. |
| 650 #0 - SUBJECT ADDED ENTRY--TOPICAL TERM | |
| Topical term or geographic name entry element | Electronic commerce |
| General subdivision | Law and legislation |
| Geographic subdivision | United States. |
| 700 1# - ADDED ENTRY--PERSONAL NAME | |
| Personal name | Miller, Roger LeRoy. |
| 856 41 - ELECTRONIC LOCATION AND ACCESS | |
| Materials specified | Table of contents only |
| Uniform Resource Identifier | <a href="http://www.loc.gov/catdir/toc/fy0803/2005937022.html">http://www.loc.gov/catdir/toc/fy0803/2005937022.html</a> |
| 942 ## - ADDED ENTRY ELEMENTS (KOHA) | |
| Source of classification or shelving scheme | Library of Congress Classification |
| Koha item type | Books |
| Suppress in OPAC | No |
| 999 ## - | |
| -- | 3114 |
| -- | 3114 |
| Withdrawn status | Lost status | Source of classification or shelving scheme | Damaged status | Not for loan | Collection | Home library | Current library | Shelving location | Date acquired | Total checkouts | Full call number | Barcode | Date last seen | Copy number | Price effective from | Koha item type |
|---|---|---|---|---|---|---|---|---|---|---|---|---|---|---|---|---|
| Library of Congress Classification | Non-fiction | Law Library (Christ Temple) | Law Library (Christ Temple) | General stacks | 01/27/2025 | KF1600.C7 CRO | LLCT00000314 | 01/27/2025 | 1 | 01/27/2025 | Books |